Die horchte auf das Lied

Titel: Die horchte auf das Lied : Agnes Miegel und Paul Fechter
Verfasser:
In: ˜Dasœ Ostpreußenblatt, Band 35, Heft 43 (1984), Seite 9
alle Artikel anzeigen
Veröffentlicht: 1984
Format: Aufsatz
Sprache: Deutsch
Kein Bild verfügbar
X
alg: 39189538
001A    $01999:11-11-16 
001B    $01999:16-05-21 $t20:16:51.000 
001C    $06050:19-11-16 $t09:17:44.000 
001D    $01999:11-11-16 
001U    $0utf8 
001X    $00 
002@    $0Aox 
003@    $0391895389 
007A    $0391895389 $aHEB 
007T    $0Herd23298 
010@    $ager 
011@    $a1984 
021A    $aDie @horchte auf das Lied $dAgnes Miegel und Paul Fechter 
028A    $aHeister $dBernhard 
031A    $d35 $e43 $h9 $j1984 
039B    $aIn $8--Abvc--. Das @Ostpreußenblatt. - Hamburg : Landsmannschaft, 1950-2003. - ISSN 0947-9597 $x198400000350043991 $9047780835 
045F    $a800 $eDDC23BSB 
045F/01 $a800 
045F/03 $g4382 
045F/03 $g43832 
045T    $a7,41 $a8,1 

lok: 39189538 78

exp: 39189538 78 1 #EPN
201B/01 $014-09-20 $t22:36:56.000 
201U/01 $0utf8 
203@/01 $0787990973 
208@/01 $a11-11-16 $be 
209A/01 $a/ $f000 $x00 
220C/01 $aTitelaufnehmer: kl 
244Z/01 $2Trx $#Prusy Wschodnie i Zachodnie $8--Trx--Ost- und Westpreußen $x01 $939113373X 
244Z/01 $#Danzig $#Ville Libre de Danzig $#Dantzig $#Ville Libre de Dantzig $#Freistaat Danzig $#Gdańsk $#Freie Stadt Danzig $#Urząd Miejski w Gdańsku $#Gyddanzyc $#Gedanum $#Dantiscum $74011039-4 $8--Tg1--Danzig $x02 $9085022225 
244Z/01 $#Fechter, Paul $#Fechter, Paul O. H. $7118532162 $8--Tp1--Fechter, Paul$Z1880-1958 $x03 $9086873237 
244Z/01 $#Miegel, Agnes $#Мигель, Агнес $#Migelʹ, Agnes $#Migelʹ, A. $7118582267 $8--Tp1--Miegel, Agnes$Z1879-1964 $x04 $9086923277 
244Z/01 $2Trx $#kirjanikud $#rašytojai $#writers $#írók $#pisarze $#spisovatelia $#spisovatelé $8--Trx--Schriftsteller $x05 $9391382659 
244Z/01 $2Trx $8--Trx--Zeitschriftenaufsatz $x06 $9391384341 
245Z/01 $a11.08 $x01 
247C/01 $82080>Marburg/Lahn, Herder-Institut, Forschungsbibliothek, Bibliographieportal $9336309341
LEADER 00000caa a22000002c 4500
001 391895389
003 DE-603
005 20210516201651.0
007 tu
008 161111s1984 xx |||| | u00||u|ger c
035 |a (DE-599)HEB391895389 
040 |a DE-603  |b ger  |c DE-603  |d DE-603 
041 |a ger 
082 0 4 |8 1\u  |a 800  |q DE-101  |2 23/BSB 
084 |a 7,41  |a 8,1  |2 ssgn 
085 |8 1\u  |b 800 
085 |8 1\u  |z 2  |s 4382 
085 |8 1\u  |z 2  |s 43832 
100 1 |a Heister, Bernhard 
245 0 0 |a ˜Dieœ horchte auf das Lied  |b Agnes Miegel und Paul Fechter 
264 0 |c 1984 
773 0 8 |i In  |t ˜Dasœ Ostpreußenblatt  |d Hamburg : Landsmannschaft, 1950-2003  |x 0947-9597  |g Band 35, Heft 43 (1984), Seite 9  |w (DE-603)047780835  |w (DE-600)529299-2 
924 0 |9 2080  |a (DE-603)787990973  |b DE-2080  |c HES  |d d  |g /